Landfill directive consultation outcome (Record no. 117149)

MARC details
000 -LEADER
fixed length control field 00962cam a2200217 4500
001 - CONTROL NUMBER
control field WB4013-15
008 - FIXED-LENGTH DATA ELEMENTS--GENERAL INFORMATION
fixed length control field 040330n2004 000 0 eng u
035 ## - SYSTEM CONTROL NUMBER
System control number (Sirsi) u125680
245 ## - TITLE STATEMENT
Title Landfill directive consultation outcome
260 ## - PUBLICATION, DISTRIBUTION, ETC.
Date of publication, distribution, etc. 2004
490 ## - SERIES STATEMENT
Series statement DEFRA News Release
Volume/sequential designation (111/04) 25 March 2004 (2)
520 ## - SUMMARY, ETC.
Summary, etc. DEFRA has published the outcome of its consultation on the implementation of the EU landfill directive's Waste Acceptance Criteria (WAC). Government has decided that the implementation date for WAC will be 16 July 2005. The consultation outcome is available on the DEFRA website, http://www.defra.gov.uk/corporate/consult/landfill -regs/index.htm. http://www.defra.gov.uk/news/2004/040325g.htm
590 ## - LOCAL NOTE (RLIN)
Local note WB
590 ## - LOCAL NOTE (RLIN)
Local note WB
650 ## - SUBJECT ADDED ENTRY--TOPICAL TERM
Topical term or geographic name entry element DIRECTIVE 99/31/EC
650 ## - SUBJECT ADDED ENTRY--TOPICAL TERM
Topical term or geographic name entry element WASTE STRATEGY FOR ENGLAND AND WALES
650 ## - SUBJECT ADDED ENTRY--TOPICAL TERM
Topical term or geographic name entry element WASTE DISPOSAL STRATEGY
650 ## - SUBJECT ADDED ENTRY--TOPICAL TERM
Topical term or geographic name entry element LANDFILL SITES
690 ## - LOCAL SUBJECT ADDED ENTRY--TOPICAL TERM (OCLC, RLIN)
Topical term or geographic name as entry element WASTE MANAGEMENT
942 ## - ADDED ENTRY ELEMENTS (KOHA)
Suppress in OPAC 0
Holdings
Withdrawn status Lost status Source of classification or shelving scheme Damaged status Not for loan Home library Current library Shelving location Date acquired Total Checkouts Full call number Barcode Date last seen Copy number Price effective from Koha item type
    Dewey Decimal Classification     London London News article 30/03/2004   WB4013-15 125680-1001 06/08/2019 1 06/08/2019 News article